| 000 | 00446cam a22001457a 4500 | ||
|---|---|---|---|
| 008 | 180718b1992 xxu||||| |||| 00| 0 eng d | ||
| 020 | _a8185402078 | ||
| 082 | _aG22x54 K151p | ||
| 100 | _aKashyap, Subhash C. | ||
| 245 |
_aParliamentary: wit and humour _cby Subhash C. Kashyap |
||
| 260 |
_aDelhi _bShipra Publications _c1992 |
||
| 300 | _a212p | ||
| 650 | _aIndia --Politics and government --1971- --Humor | ||
| 650 | _aIndia Parliament. --Humor | ||
| 999 |
_c426705 _d426705 |
||